| 000 | 00587nam a2200181Ia 4500 | ||
|---|---|---|---|
| 003 | IN-BaIIA | ||
| 008 | 211028s9999 xx 000 0 eng d | ||
| 040 | _cIIA Library | ||
| 080 |
_a524.7(082.1) _bGAL |
||
| 100 |
_aKogure, T _913057 |
||
| 245 | 0 |
_aGalactic structure and variable stars _cT. Kogure |
|
| 260 |
_aTokyo, Japan _bUniversity of Tokyo Press _c1985 |
||
| 300 | _a[various pagings.] | ||
| 650 | _aAstronomy and astrophysics thesaurus | ||
| 650 |
_aExtragalactic system _95594 |
||
| 650 |
_aVariable stars _91140 |
||
| 942 | _cBK | ||
| 999 |
_c8236 _d8236 |
||